Bài giảng Triệu chứng học ngoại khoa
Nội dung tài liệu là tập hợp các bài về triệu chứng, hội chứng thường gặp mà sinh viên cấn phải học và nắm vững.
Gespeichert in:
| 1. Verfasser: | |
|---|---|
| Weitere Verfasser: | |
| Format: | Buch |
| Sprache: | Vietnamese |
| Veröffentlicht: |
H.
Y học
2016
|
| Ausgabe: | Tái bản lần thứ hai |
| Schlagworte: | |
| Tags: |
Tag hinzufügen
Keine Tags, Fügen Sie den ersten Tag hinzu!
|
| Thư viện lưu trữ: | Thư viện Trường Đại học Nam Cần Thơ |
|---|
| LEADER | 02020nam a22002897a 4500 | ||
|---|---|---|---|
| 001 | NCT_32061 | ||
| 008 | 180421b xxu||||| |||| 00| 0 vie d | ||
| 999 | |c 1542 |d 1542 | ||
| 020 | |a 9786046620174 |c 88000 | ||
| 082 | 0 | 4 | |2 23rd ed. |a 617.07 |b Q528 |
| 100 | 1 | |a Hà Văn Quyết |e Chủ biên | |
| 245 | 1 | 0 | |a Bài giảng Triệu chứng học ngoại khoa |c Hà Văn Quyết, Phạm Đức Huấn |
| 250 | |a Tái bản lần thứ hai | ||
| 260 | |a H. |b Y học |c 2016 | ||
| 300 | |a 255tr. |b minh họa |c 27cm | ||
| 520 | 3 | |a Nội dung tài liệu là tập hợp các bài về triệu chứng, hội chứng thường gặp mà sinh viên cấn phải học và nắm vững. | |
| 653 | |a Dược học | ||
| 700 | 1 | |a Phạm Đức Huấn |e Chủ biên | |
| 942 | |2 ddc |c BK | ||
| 952 | |0 0 |1 0 |2 ddc |4 0 |6 617_070000000000000_Q528 |7 0 |9 7425 |a 000001 |b 000001 |d 2018-04-21 |l 1 |o 617.07 Q528 |p MD.10738 |q 2022-03-07 |r 2022-02-21 |s 2022-02-21 |v 88000.00 |w 2018-04-21 |y BK | ||
| 952 | |0 0 |1 0 |2 ddc |4 0 |6 617_070000000000000_Q528 |7 0 |9 7426 |a 000001 |b 000001 |d 2018-04-21 |o 617.07 Q528 |p MD.11628 |r 2018-04-21 |v 88000.00 |w 2018-04-21 |y BK | ||
| 952 | |0 0 |1 0 |2 ddc |4 0 |6 617_070000000000000_Q528 |7 0 |9 15490 |a 000001 |b 000001 |d 2019-02-15 |o 617.07 Q528 |p MD.14240 |r 2019-02-15 |v 88000.00 |w 2019-02-15 |y BK | ||
| 952 | |0 0 |1 0 |2 ddc |4 0 |6 617_070000000000000_Q528 |7 0 |9 15491 |a 000001 |b 000001 |d 2019-02-15 |o 617.07 Q528 |p MD.14241 |r 2019-02-15 |v 88000.00 |w 2019-02-15 |y BK | ||
| 952 | |0 0 |1 0 |2 ddc |4 0 |6 617_070000000000000_Q528 |7 0 |9 15492 |a 000001 |b 000001 |d 2019-02-15 |o 617.07 Q528 |p MD.14242 |r 2019-02-15 |v 88000.00 |w 2019-02-15 |y BK | ||
| 952 | |0 0 |1 0 |2 ddc |4 0 |6 617_070000000000000_Q528 |7 0 |9 15493 |a 000001 |b 000001 |d 2019-02-15 |l 1 |o 617.07 Q528 |p MD.14243 |r 2020-09-21 |s 2020-09-16 |v 88000.00 |w 2019-02-15 |y BK | ||
| 952 | |0 0 |1 0 |2 ddc |4 0 |6 617_070000000000000_Q528 |7 0 |9 15494 |a 000001 |b 000001 |d 2019-02-15 |l 1 |o 617.07 Q528 |p MD.14244 |r 2020-09-08 |s 2020-08-26 |v 88000.00 |w 2019-02-15 |y BK | ||
| 980 | |a Thư viện Trường Đại học Nam Cần Thơ | ||


